[Event "Yerevan op"]
[Site "Yerevan"]
[Date "1983.??.??"]
[Round "3"]
[White "Selivjorstov, Albert"]
[Black "Trotsenko, Evgenia"]
[Result "1/2-1/2"]
[WhiteElo "2200"]
[BlackElo "2200"]

1.d4 Nf6 2.c4 e6 3.Nf3 c5 4.d5 exd5 5.cxd5 d6 6.Nc3 g6 7.e4 Bg7 8.Bg5 h6
9.Bh4 g5 10.Bg3 Nh5 11.Bb5+ Bd7 12.Bxd7+ Qxd7 13.Ne5 Qe7 14.Qxh5 Bxe5 15.Bxe5 Qxe5
16.h4 Rg8 17.O-O-O Nd7 18.g3 O-O-O 19.Qxh6 Rg6 20.Qh5 Rh8 21.Qf3 Rf6 22.Qe3 g4
23.Qe2 Qh5 24.Rhf1 a6 25.Qc2 Ne5 26.Ne2 Kb8 27.Kb1 Rf3 28.Ng1 Rf6 29.Ne2 Qh7
30.Nf4 Re8 31.Rfe1 b5 32.Re3 Nc4 33.Re2 Kb7 34.Rde1 Rh6 35.Nd3 Rh5 36.e5 Kb6
37.exd6 Rxe2 38.Rxe2 Rxd5 39.Nc1 Qh6 40.Nb3 Qxd6 41.a3  1/2-1/2

[Event "ARM-chJ"]
[Site "Yerevan"]
[Date "1983.??.??"]
[Round "3"]
[White "Dementiev, Oleg I"]
[Black "Minasian, Ara"]
[Result "1-0"]
[WhiteElo "2490"]
[BlackElo "2200"]

1.d4 Nf6 2.c4 c5 3.d5 e6 4.Nc3 exd5 5.cxd5 d6 6.Nf3 g6 7.Bf4 a6 8.Nd2 b5
9.a4 Nh5 10.Be3 b4 11.Nce4 f5 12.g4 fxg4 13.Nc4 Bf5 14.Bg5 Qc7 15.Qd3 h6
16.Qe3 Kf7 17.Bf4 Nxf4 18.Qxf4 Kg8 19.Nf6+ Kf7 20.Nxg4 Kg7 21.Nge3 Bc8 22.Rg1 Ra7
23.Qg3 Qf7 24.Nxd6 Bxd6 25.Qxd6 Rf8 26.Qxb8 Qxf2+ 27.Kd2 Re7 28.Qg3 Qf6 29.Nd1 Qd4+
30.Ke1 Rf6 31.Rc1 Qxd5 32.e3 Rd7 33.Rg2 Bb7 34.Rgc2 Qb3 35.Qe5 Qxa4 36.Rf2 Qc6
37.Rxc5 Qd6 38.Qxf6+ Qxf6 39.Rxf6 Kxf6 40.Rc4 a5 41.Rc5 Rd5 42.Rxd5 Bxd5
43.Bb5 Bb3 44.Nf2 Ke6 45.Nd3 Kd5 46.Be8 Bc2 47.Bxg6 Kc4 48.Kd2  1-0

[Event "Belgrade"]
[Site "Belgrade"]
[Date "1984.??.??"]
[Round "?"]
[White "Farago, Ivan"]
[Black "Suba, Mihai"]
[Result "0-1"]
[WhiteElo "2525"]
[BlackElo "2525"]

1.d4 Nf6 2.c4 e6 3.Nf3 c5 4.d5 exd5 5.cxd5 d6 6.Nc3 g6 7.Nd2 Nbd7 8.e4 Bg7
9.Be2 O-O 10.O-O Re8 11.a4 g5 12.Nc4 Nxe4 13.Nxe4 Rxe4 14.Bd3 Rh4 15.g3 Rd4
16.Be3 Rxc4 17.Bxc4 Bxb2 18.Rb1 Bg7 19.f4 gxf4 20.Bxf4 Qf6 21.Kh1 b6 22.Qh5 Qd4
23.Bxd6 Nf6 24.Qe2 Bg4 25.Qd3 Ne4 26.Qxd4 Bxd4 27.Be7 Nd2 28.Ba2 Bd7 29.h4 Nxb1
30.Bxb1 f6 31.d6 Kg7 32.Be4 Rh8 33.Bd5 h5 34.Kh2 Be5 35.Rf3 a6 36.Bb7 c4
37.Bxa6 c3 38.Bd3 Bxa4 39.Bf5 Kf7 40.Rf2 Rg8  0-1

[Event "Belgrade"]
[Site "Belgrade"]
[Date "1984.??.??"]
[Round "?"]
[White "Farago, Ivan"]
[Black "Damljanovic, Branko"]
[Result "1-0"]
[WhiteElo "2525"]
[BlackElo "2400"]

1.d4 Nf6 2.c4 e6 3.Nf3 c5 4.d5 exd5 5.cxd5 d6 6.Nc3 g6 7.Nd2 Nbd7 8.e4 Bg7
9.Be2 O-O 10.O-O a6 11.a4 Rb8 12.Kh1 Qc7 13.f4 Ne8 14.Nf3 c4 15.e5 dxe5 16.fxe5 Nxe5
17.Bf4 f6 18.Ne4 Nd6 19.Nxd6 Qxd6 20.Bxc4 Bg4 21.Be2 Rbe8 22.Qb3 Bc8 23.Rac1 Kh8
24.Rfd1 f5 25.Re1 Qd8 26.Bxe5 Bxe5 27.Bb5 axb5 28.Nxe5 Qf6 29.Qc3 bxa4 30.Nxg6+ Kg7
31.Nxf8  1-0

[Event "Berlin op"]
[Site "Berlin-West"]
[Date "1984.??.??"]
[Round "1"]
[White "Ullrich, Frank"]
[Black "Groszpeter, Attila"]
[Result "1/2-1/2"]
[WhiteElo "2260"]
[BlackElo "2480"]

1.d4 Nf6 2.Nf3 e6 3.c4 c5 4.d5 exd5 5.cxd5 d6 6.Nc3 g6 7.g3 Bg7 8.Bg2 O-O
9.O-O a6 10.a4 Nbd7 11.Nd2 Re8 12.Nc4 Ne5 13.Nxe5 Rxe5 14.Re1 Rh5 15.e4 Bh3
16.Bf3 Re5 17.Bf4 Re8 18.a5 Qb8 19.Na4 Nd7 20.Qb3 Qc7 21.Bd2 Bd4 22.Bg2 Bxg2
23.Kxg2 Re7 24.Rac1 Rae8 25.f3 Rb8 26.Qc2 Qd8 27.b4 Re8 28.Rb1 Qf6 29.bxc5 Nxc5
30.Nxc5 Bxc5 31.Qd3 Qd4 32.Qxd4 Bxd4 33.Rb4 Bc5 34.Rb3 f5 35.exf5 gxf5 36.Kf1 b5
37.axb6 Rxe1+ 38.Kxe1 Rxb6 39.Rxb6 Bxb6 40.Bb4 Bc7 41.Ke2 Kf7 42.Ke3 h5 43.Kf4 Kf6
44.g4 fxg4 45.fxg4 hxg4 46.Bc3+ Kg6 47.Kxg4 Bd8 48.h4 Bxh4 49.Kxh4 Kf5 50.Kg3 Ke4  1/2-1/2

[Event "Berlin op"]
[Site "Berlin-West"]
[Date "1984.??.??"]
[Round "7"]
[White "Ftacnik, Lubomir"]
[Black "Tielemann, K."]
[Result "1-0"]
[WhiteElo "2595"]
[BlackElo "2285"]

1.d4 Nf6 2.c4 c5 3.d5 e6 4.Nc3 exd5 5.cxd5 d6 6.Nf3 g6 7.Nd2 Nbd7 8.e4 Bg7
9.Nc4 Nb6 10.Ne3 O-O 11.Bd3 Re8 12.O-O Nbd7 13.a4 a6 14.Re1 Nh5 15.g3 Bd4
16.Nc2 Ne5 17.Be2 Qf6 18.Be3 Bxe3 19.Nxe3 Qg5 20.Ng2 Nd7 21.f4 Qh6 22.Bxh5 gxh5
23.Nh4 Nf6 24.Qb3 Bh3 25.a5 Nd7 26.Nd1 c4 27.Qxc4 Rac8 28.Qb4 Nc5 29.Nf2 Bd7
30.Rac1 Qf8 31.e5 Qh6 32.Rc3  1-0

[Event "Berlin op"]
[Site "Berlin-West"]
[Date "1984.??.??"]
[Round "9"]
[White "Ftacnik, Lubomir"]
[Black "Hulak, Krunoslav"]
[Result "1/2-1/2"]
[WhiteElo "2595"]
[BlackElo "2440"]

1.d4 Nf6 2.c4 e6 3.Nf3 c5 4.d5 exd5 5.cxd5 d6 6.Nc3 g6 7.Nd2 Bg7 8.Nc4 O-O
9.Bg5 h6 10.Bf4 Ne8 11.Qc1 Kh7 12.g3 b6 13.a4 Ba6 14.b3 Nd7 15.Ra2 Qe7 16.Bg2 Bxc4
17.bxc4 Ne5 18.Bxe5 Qxe5 19.Rc2 Nc7 20.Qf4 a6 21.Qxe5 Bxe5 22.Kd2 b5 23.axb5 Bxc3+
24.Rxc3 axb5 25.cxb5 Nxb5 26.Rc2 Na3 27.Rcc1 Rfb8 28.Rhd1 Rb2+ 29.Ke1 Nc2+
30.Kf1 Nd4 31.Rxd4 cxd4 32.Be4 Kg7 33.h4 Raa2 34.Bd3 Ra5 35.Rc7 Rxd5 36.Rd7 Rb6
37.Bc4 Rf5 38.Kg2 Rc6 39.Bd3 Ra5 40.Rb7 Kf6 41.Rb4 Ke5 42.Rb7 Ke6 43.Rb4 Ke5
44.Rb7 f5 45.h5 g5 46.Rf7 Ke6 47.Rh7 Rc1 48.Rxh6+ Ke5 49.Rh8 g4 50.f4+ Kf6
51.Rh6+ Ke7 52.Rh7+ Kf8 53.h6 Raa1 54.Bxf5 Rg1+ 55.Kh2 Rge1 56.Bd3 Rh1+ 57.Kg2 Rag1+
58.Kf2 Rf1+  1/2-1/2

[Event "Bor"]
[Site "Bor"]
[Date "1984.??.??"]
[Round "?"]
[White "Rogers, Ian"]
[Black "Hulak, Krunoslav"]
[Result "1/2-1/2"]
[WhiteElo "2475"]
[BlackElo "2440"]

1.d4 Nf6 2.c4 e6 3.Nf3 c5 4.d5 exd5 5.cxd5 d6 6.Nc3 g6 7.Nd2 Bg7 8.e4 O-O
9.Be2 Na6 10.O-O Nc7 11.a4 b6 12.Rb1 Nfe8 13.Re1 Rb8 14.Nc4 Ba6 15.Bf4 Qd7
16.Qd2 f5 17.e5 dxe5 18.Nxe5 Bxe5 19.Bxe5 Bxe2 20.Rxe2 Nd6 21.Qf4 Rbd8 22.Rbe1 Nce8
23.h4 Ng7 24.Bxg7 Qxg7 25.Re7 Qd4 26.Qg5 Ne4 27.Nxe4 fxe4 28.R1xe4 Qxf2+
29.Kh2 Qf6 30.Qxf6 Rxf6 31.Rxa7 Rf7 32.Rxf7 Kxf7 33.Re5 Ra8 34.Re4 Rd8 35.Re6 Rxd5
36.Rxb6 Rd4 37.a5 Rxh4+ 38.Kg3 Ra4 39.a6 Ke8 40.b3 Ra5 41.Kf4 Kd7 42.g4 Kc7
43.Rb7+ Kc6 44.Rxh7 Rxa6 45.Kg5 Rb6 46.Rh3 Kd5 47.Kh6 Ke4 48.g5 Kd5 49.Rc3 Ke4
50.Rc4+ Kd5 51.Rc3  1/2-1/2

[Event "Midwest Masters-B"]
[Site "Chicago"]
[Date "1984.??.??"]
[Round "1"]
[White "Eckert, Doug D"]
[Black "Odendahl, Steven M"]
[Result "0-1"]
[WhiteElo "2290"]
[BlackElo "2435"]

1.d4 Nf6 2.Nf3 e6 3.c4 c5 4.d5 exd5 5.cxd5 d6 6.Nc3 g6 7.Bg5 Bg7 8.e3 h6
9.Bh4 g5 10.Bg3 Nh5 11.Bd3 Qe7 12.Qa4+ Nd7 13.Nd2 Nxg3 14.hxg3 a6 15.Qc2 b5
16.a4 c4 17.Be2 Rb8 18.axb5 axb5 19.Ra5 b4 20.Nb5 c3 21.bxc3 bxc3 22.Ne4 O-O
23.Nexc3 Nc5 24.O-O Bd7 25.Ra7 Rfc8 26.Bg4 Qd8 27.Bxd7 Nxd7 28.Qd2 Ne5 29.Nd4 Qb6
30.Rfa1 Qb4 31.Ne4 Qb1+  0-1

[Event "DDR-ch (Women)"]
[Site "Eilenburg"]
[Date "1984.??.??"]
[Round "8"]
[White "Heinig, Wolfram"]
[Black "Wolf, Sylvia"]
[Result "1/2-1/2"]
[WhiteElo "2305"]
[BlackElo "1930"]

1.d4 Nf6 2.c4 e6 3.Nf3 c5 4.d5 exd5 5.cxd5 d6 6.Nc3 g6 7.e4 Bg7 8.h3 O-O
9.Bd3 a6 10.a4 Qc7 11.O-O Nbd7 12.Qe2 Re8 13.Be3 Rb8 14.Nd2 Ne5 15.f4 Nxd3
16.Qxd3 Qe7 17.Bf2 Nh5 18.Qf3 Bh6 19.Bg3 Nxg3 20.Qxg3 b5 21.axb5 axb5 22.Rae1 b4
23.Nd1 Ba6 24.Rf2 Bg7 25.Nf3 Qd7 26.Rd2 Re7 27.e5 Rbe8 28.b3 Bb7 29.Nb2 Ba6
30.Nc4 Bxc4 31.bxc4 Qa4 32.Qf2  1/2-1/2

[Event "DDR-ch 33th"]
[Site "Eilenburg"]
[Date "1984.??.??"]
[Round "10"]
[White "Starck, Bodo"]
[Black "Womacka, Mathias"]
[Result "0-1"]
[WhiteElo "2265"]
[BlackElo "2200"]

1.d4 Nf6 2.c4 e6 3.Nc3 c5 4.d5 exd5 5.cxd5 d6 6.Nf3 g6 7.Bf4 Bg7 8.Qa4+ Bd7
9.Qb3 Qc7 10.e4 O-O 11.Be2 b5 12.e5 Nh5 13.exd6 Qa5 14.Bd2 Re8 15.Kf1 b4
16.Rc1 bxc3 17.Rxc3 Bxc3 18.Bxc3 Qb6 19.Qc2 Qxd6 20.Ng5 Rxe2 21.Qxe2 Qxd5
22.Ne4 Nc6  0-1

[Event "Bundesliga 8384"]
[Site "Germany"]
[Date "1984.??.??"]
[Round "?"]
[White "Heimerl, Lothar"]
[Black "Krieger, Hermann"]
[Result "0-1"]
[WhiteElo "2215"]
[BlackElo "2220"]

1.d4 Nf6 2.c4 e6 3.Nc3 c5 4.d5 exd5 5.cxd5 d6 6.Nf3 g6 7.Bf4 Bg7 8.Qa4+ Bd7
9.Qb3 Qc7 10.e4 O-O 11.Be2 Nh5 12.Be3 a6 13.a4 Bg4 14.h3 Bxf3 15.Bxf3 Nd7
16.O-O Nhf6 17.a5 Rfe8 18.Rfc1 Rab8 19.Qc2 b5 20.axb6 Qxb6 21.b4 Rbc8 22.bxc5 dxc5
23.Rcb1 Qd6 24.Ra4 Rb8 25.Be2 Rxb1+ 26.Qxb1 Qe5 27.Qc1 a5 28.Bf4 Qe7 29.Bg5 h6
30.Bxh6 Bxh6 31.Qxh6 Nb6 32.Ra1 Nxe4 33.Nxe4 Qxe4 34.Bf3 Qb4 35.Qc1 c4 36.h4 c3
37.h5 Qb2 38.hxg6 fxg6 39.Rb1 Qxc1+ 40.Rxc1 Rc8 41.Bg4 Rc5 42.d6 Kf8 43.d7 Rd5
44.Rxc3 Nxd7 45.Bxd7 Rxd7 46.Ra3 Ra7 47.Kf1 Ke7 48.Ke2 Kd6 49.Kd2 Kc5  0-1

[Event "Hamburg op"]
[Site "Hamburg"]
[Date "1984.??.??"]
[Round "1"]
[White "Graf, Juergen"]
[Black "Lindberg, Bengt"]
[Result "1-0"]
[WhiteElo "2270"]
[BlackElo "2320"]

1.d4 Nf6 2.Nf3 e6 3.c4 c5 4.d5 exd5 5.cxd5 d6 6.Nc3 g6 7.Bf4 Bg7 8.Qa4+ Bd7
9.Qb3 Qc7 10.e4 O-O 11.Be2 b5 12.Nd2 a6 13.a4 b4 14.Nd1 Re8 15.Qc2 Bg4 16.Bxg4 Nxg4
17.Nc4 Ne5 18.Nde3 Nbd7 19.O-O Nxc4 20.Nxc4 Ne5 21.Bxe5 Bxe5 22.Rae1 Bd4
23.Kh1 Re7 24.f4 Rae8 25.e5 Qd7 26.Nxd6 Qxd6 27.exd6 Rxe1 28.Qd3 Rxf1+ 29.Qxf1 Bxb2
30.d7 Rd8 31.Qxa6 Kg7 32.Qb5 Bd4 33.g4 b3 34.Qxb3 Rxd7 35.Kg2 Re7 36.Kf3 Re1
37.d6 Rf1+ 38.Ke4 Bf6 39.g5 Bd8 40.Qc3+ Kg8 41.Qxc5  1-0

[Event "HUN-ch"]
[Site "HUN"]
[Date "1984.??.??"]
[Round "4"]
[White "Farago, Ivan"]
[Black "Horvath, Tamas"]
[Result "1/2-1/2"]
[WhiteElo "2525"]
[BlackElo "2440"]

1.d4 Nf6 2.c4 e6 3.Nf3 c5 4.d5 exd5 5.cxd5 d6 6.Nc3 g6 7.Nd2 Bg7 8.e4 O-O
9.Be2 b6 10.O-O Ba6 11.Bxa6 Nxa6 12.Nc4 Re8 13.Re1 b5 14.Nxb5 Nxe4 15.Bf4 Qd7
16.Nbxd6 Nxd6 17.Bxd6 Bxb2 18.Rb1 Bd4 19.Qf3 Nb4 20.a3 Rxe1+ 21.Rxe1 Re8
22.Rf1 Na2 23.Bg3 Nc3 24.d6 Qb5 25.Qd3 Na4 26.Rb1 Qd7 27.h3 Nc3 28.Rf1 Ne4
29.Kh2 h5 30.Rb1 h4 31.Bxh4 Nxd6 32.Bg3 Nxc4 33.Qxc4 Qf5 34.Qa4 Qe4 35.Qxe8+ Qxe8
36.Rb8 Qxb8 37.Bxb8 c4 38.Kg1 Kg7 39.Kf1 Kf6 40.Ke2 Ke6 41.h4  1/2-1/2

[Event "Wch U20"]
[Site "Kiljava"]
[Date "1984.??.??"]
[Round "?"]
[White "Abarca Aguirre, Manuel"]
[Black "Klinger, Josef"]
[Result "1/2-1/2"]
[WhiteElo "2260"]
[BlackElo "2310"]

1.d4 Nf6 2.c4 c5 3.d5 e6 4.Nc3 exd5 5.cxd5 d6 6.Nf3 g6 7.Bf4 Bg7 8.e4 O-O
9.Be2 b5 10.Qc2 a6 11.O-O Re8 12.a3 b4 13.axb4 cxb4 14.Nb5 Rxe4 15.Bg3 b3
16.Qd3 Bf8 17.Nfd4 Bb7 18.Nc3 Re8 19.Nxb3 Nbd7 20.Na5 Bxd5 21.Nxd5 Nxd5 22.Bf3 Nb4
23.Qd2 Rb8 24.Nb7 Qb6 25.Nxd6 Bxd6 26.Qxd6 Qxd6  1/2-1/2

[Event "BKL-Turnier"]
[Site "Leipzig"]
[Date "1984.??.??"]
[Round "5"]
[White "Karolyi, Tibor Jr"]
[Black "Poloch, Petr"]
[Result "1/2-1/2"]
[WhiteElo "2410"]
[BlackElo "2365"]

1.d4 Nf6 2.c4 e6 3.Nf3 c5 4.d5 exd5 5.cxd5 d6 6.Nc3 g6 7.e4 Bg7 8.Be2 O-O
9.O-O Re8 10.Nd2 Nbd7 11.a4 Ne5 12.Ra3 g5 13.Qc2 g4 14.Nd1 Nh5 15.Re1 Nf4
16.Bf1 Neg6 17.Ne3 Bd4 18.Nb3 Bg7 19.Bd2 Rb8 20.Bc3 Bxc3 21.bxc3 Ne5 22.Nd2 Qf6
23.c4  1/2-1/2

[Event "Lugano op"]
[Site "Lugano"]
[Date "1984.??.??"]
[Round "?"]
[White "Wegner, Hannu"]
[Black "Klinger, Josef"]
[Result "0-1"]
[WhiteElo "2260"]
[BlackElo "2310"]

1.d4 Nf6 2.c4 c5 3.d5 e6 4.Nc3 exd5 5.cxd5 d6 6.Nf3 g6 7.e4 Bg7 8.Bg5 h6
9.Bh4 a6 10.Nd2 b5 11.Be2 O-O 12.Qc2 Nbd7 13.a4 b4 14.Nd1 Re8 15.O-O b3 16.Qb1 Qc7
17.Nc3 Rb8 18.Ra3 Rb4 19.Bxf6 Nxf6 20.Rxb3 Qb6 21.Qc2 Bd7 22.Ra1 Rxb3 23.Nxb3 Rb8
24.Ra3 Ng4 25.Nd1 Ne5 26.Nd2 Qa5 27.b3 Rb4 28.Bc4 Nxc4 29.Nxc4 Rxc4 30.Qxc4 Qe1+
31.Qf1 Qb4 32.Ra2 Qxb3 33.Rd2 Qxa4 34.Qd3 Qa1 35.h4 Bb5 36.Qf3 c4 37.Kh2 c3
38.Rc2 Ba4 39.Rxc3 Be5+ 40.g3 Bxd1  0-1

[Event "Lvov"]
[Site "Lvov"]
[Date "1984.??.??"]
[Round "3"]
[White "Sahovic, Dragutin"]
[Black "Horvath, Tamas"]
[Result "1/2-1/2"]
[WhiteElo "2425"]
[BlackElo "2440"]

1.d4 Nf6 2.c4 e6 3.Nf3 c5 4.d5 exd5 5.cxd5 d6 6.Nc3 g6 7.e4 Bg7 8.Bf4 a6
9.a4 Bg4 10.Be2 O-O 11.O-O Re8 12.Nd2 Bxe2 13.Qxe2 Nh5 14.Be3 Nd7 15.g4 Nhf6
16.h3 h5 17.Kg2 Rb8 18.f3 hxg4 19.hxg4 Ne5 20.Rh1 b5 21.axb5 axb5 22.g5 Nh5
23.Nxb5 Qd7 24.Ra5 c4 25.Nxc4 Nxc4 26.Qxc4 Rec8 27.Qa4  1/2-1/2

[Event "Lvov"]
[Site "Lvov"]
[Date "1984.??.??"]
[Round "9"]
[White "Sahovic, Dragutin"]
[Black "Romanishin, Oleg M"]
[Result "1/2-1/2"]
[WhiteElo "2425"]
[BlackElo "2580"]

1.d4 Nf6 2.c4 e6 3.Nf3 c5 4.d5 exd5 5.cxd5 d6 6.Nc3 g6 7.e4 Bg7 8.Qa4+ Nbd7
9.Be2 O-O 10.O-O a6 11.Bf4 Nh5 12.Bg5 Bf6 13.Be3 Re8 14.Qc2 b5 15.Nd2 Ng7
16.a4 b4 17.Nd1 Rb8 18.Rb1 g5 19.b3 Ne5 20.Nb2 Ng6 21.Nbc4 Bc3 22.Rbd1 f6
23.Nb1 Be5 24.Nxe5 fxe5 25.g3 Rf8 26.f3 Ra8 27.Nd2 Ra7 28.Nc4 Ne8 29.Rf2 Raf7
30.Rc1 Rg7 31.Kh1 Kh8 32.Qd2 h6 33.Bd3 Rgf7 34.Qe2 Rf6 35.Nd2 Nc7 36.Qe1 Qe7
37.Bf1 Qf7 38.Bg2 Kh7 39.Kg1 Ne8 40.Nc4 Qc7 41.Rcc2 a5 42.Bc1 Ng7 43.Qe3 Kg8
44.Qe1 Qd8 45.Be3 R8f7 46.Bc1 Ne8 47.Qd1 Rg7 48.Ne3 Rf8  1/2-1/2

[Event "Neskaupstad"]
[Site "Neskaupstad"]
[Date "1984.??.??"]
[Round "?"]
[White "McCambridge, Vincent"]
[Black "Hardarson, Robert"]
[Result "1-0"]
[WhiteElo "2465"]
[BlackElo "2295"]

1.d4 Nf6 2.Nf3 c5 3.d5 e6 4.c4 exd5 5.cxd5 d6 6.Nc3 g6 7.Nd2 Bg7 8.e4 O-O
9.Be2 Nbd7 10.O-O Re8 11.Qc2 Ne5 12.b3 Nh5 13.Bxh5 gxh5 14.Bb2 Qh4 15.Rac1 f5
16.exf5 Rf8 17.f6 Qxf6 18.f4 Ng4 19.Nd1 Qf7 20.Bxg7 Bf5 21.Qc3 Qxg7 22.Nc4 Rad8
23.Qd2 Qd4+ 24.Qxd4 cxd4 25.Nf2 Nf6 26.Rcd1 b5 27.Na5 Nxd5 28.Nc6 Rd7 29.Rxd4 Ne3
30.Rc1 Rg7 31.g3 h4 32.Rc3 Re8 33.Nd1 Nc2 34.Rxd6 b4 35.Rc5 hxg3 36.Rxf5 Re1+
37.Kg2 Rxd1 38.Rxd1 Ne3+ 39.Kf3 Nxd1 40.hxg3 Rb7 41.Rc5 Rc7 42.Rg5+ Kf7 43.Nxb4 Rb7
44.Nc6 Nc3  1-0

[Event "New York Barclay"]
[Site "New York"]
[Date "1984.??.??"]
[Round "1"]
[White "Schroer, Jonathan"]
[Black "Sahu, Sekhar Chandra"]
[Result "1-0"]
[WhiteElo "2325"]
[BlackElo "2320"]

1.d4 Nf6 2.c4 e6 3.Nf3 c5 4.d5 exd5 5.cxd5 d6 6.Nc3 a6 7.a4 g6 8.Nd2 Nbd7
9.e4 Bg7 10.Nc4 Nb6 11.Ne3 O-O 12.Bd3 Nh5 13.Ne2 g5 14.Ng3 Nf4 15.O-O Nd7
16.Nef5 Ne5 17.Bc2 Neg6 18.Nh5 Be5 19.g3 Nxh5 20.Qxh5 Bf6 21.Ra3 c4 22.g4 Bxf5
23.exf5 Nh4 24.Rh3 Re8 25.Rxh4 gxh4 26.g5 Kh8 27.gxf6 Rg8+ 28.Bg5 Qxf6 29.f4 Qd4+
30.Kh1 f6 31.Qd1 Qxb2 32.Qc1 Qc3 33.Bb1 Qd4 34.Rd1 Qf2 35.Bxf6+ Rg7 36.Bxg7+ Kxg7
37.Rg1+ Kf7 38.Qd1 Qxf4 39.Qh5+ Kf6 40.Re1 Rf8 41.Re6+ Kg7 42.f6+ Rxf6 43.Qxh7+ Kf8
44.Qe7+ Kg8 45.Bh7+  1-0

[Event "New York op"]
[Site "New York"]
[Date "1984.??.??"]
[Round "5"]
[White "Shirazi, Kamran G"]
[Black "Bonin, Jay R"]
[Result "0-1"]
[WhiteElo "2470"]
[BlackElo "2315"]

1.d4 Nf6 2.c4 e6 3.Nf3 c5 4.d5 exd5 5.cxd5 d6 6.Nc3 g6 7.Bf4 a6 8.a4 Bg7
9.Nd2 Nh5 10.Be3 f5 11.a5 b5 12.axb6 Nd7 13.Nc4 Nxb6 14.Bg5 Qc7 15.e3 Nxc4
16.Bxc4 O-O 17.O-O Nf6 18.Qa4 Bd7 19.Qa5 Qxa5 20.Rxa5 Rfb8 21.b3 Ng4 22.Rc1 Ne5
23.Nd1 Bb5 24.Bf4 Bxc4 25.Bxe5 Bxe5 26.bxc4 Rb4 27.Kf1 Bf6 28.Ke2 Bd8 29.Ra3 a5
30.Kd3 Bf6 31.Rc2 a4 32.Rca2 Kf7 33.h3 Ke7 34.g4 fxg4 35.hxg4 h5 36.gxh5 gxh5
37.f4 h4 38.Nc3 Bxc3 39.Rxc3 Kf6 40.Ke4 Rh8 41.Kf3 h3 42.Rc1 h2 43.Rh1 Rxc4
44.Raxh2 Rxh2 45.Rxh2 a3 46.Ra2 Rc3 47.Ke4 Rb3 48.Ra1 Rb4+ 49.Kd3 Ra4 50.e4 a2
51.Ke3 Ra3+ 52.Kd2 Rf3 53.Ke2 Rxf4 54.Kd3 Rf3+  0-1

[Event "New York op"]
[Site "New York"]
[Date "1984.??.??"]
[Round "7"]
[White "Wilder, Michael"]
[Black "Bonin, Jay R"]
[Result "1-0"]
[WhiteElo "2435"]
[BlackElo "2315"]

1.d4 Nf6 2.c4 e6 3.Nf3 c5 4.d5 exd5 5.cxd5 d6 6.Nc3 g6 7.Nd2 a6 8.a4 Nbd7
9.e4 Bg7 10.Be2 O-O 11.O-O Re8 12.Qc2 Ne5 13.Ra3 Rb8 14.Kh1 Nfg4 15.Nd1 b5
16.f4 Nc4 17.Nxc4 bxc4 18.Bxc4 f5 19.Ne3 Nxe3 20.Rxe3 fxe4 21.b3 Qf6 22.Rxe4 Bf5
23.Rxe8+ Rxe8 24.Qd2 Qa1 25.Bxa6 Bc3 26.Qd1 Qa2 27.Bd3 Bxd3 28.Qxd3 Qe2 29.Qxe2 Rxe2
30.g4 Re4 31.f5 Rd4 32.f6 Kf7 33.g5 Rxd5 34.Bf4 Be5 35.h4 Rd4 36.Bxe5 dxe5
37.Rf2 Rb4 38.Rc2 Rxb3 39.Rxc5 Rh3+ 40.Kg2 Rxh4 41.Rc7+ Kg8 42.a5 Ra4 43.Ra7 Rg4+
44.Kh3 Ra4 45.a6 Kf8 46.Ra8+ Kf7 47.a7  1-0

[Event "CAN-ch"]
[Site "Ottawa"]
[Date "1984.??.??"]
[Round "3"]
[White "Taylor, Gordon"]
[Black "Reeve, Jeff"]
[Result "0-1"]
[WhiteElo "2325"]
[BlackElo "2200"]

1.d4 Nf6 2.c4 e6 3.Nf3 c5 4.d5 exd5 5.cxd5 d6 6.Nc3 g6 7.Bf4 a6 8.h3 b5 9.Nd2 Bg7
10.e4 O-O 11.Bd3 c4 12.Bc2 Nh5 13.Bh2 f5 14.exf5 Re8+ 15.Kf1 b4 16.Nce4 c3
17.bxc3 bxc3 18.Nc4 Bxf5 19.Ncxd6 Bxe4 20.Nxe4 Nd7 21.g4 Nhf6 22.Nxf6+ Qxf6
23.Kg2 Ne5 24.Re1 Nc4 25.Qd3 Rf8 26.Bg3 Nd2 27.Re6 Qf7 28.Rae1 Nf3 29.R1e3 Nd4
30.Ba4 Rad8 31.Qxc3 Nf5 32.Qc6 Nxg3 33.Qc2 Bd4 34.Kxg3 Bxe3 35.Rxe3 Qf4+
36.Kg2 Qd4 37.Bb3 Kg7 38.Kg1 Qa1+ 39.Kg2 Qd4 40.Kg1 Rd7 41.Qe2 Rdf7 42.Re7 Rxe7
43.Qxe7+ Rf7 44.Qe1 Rc7 45.Kg2 Qf4 46.Bd1 Rc1 47.Qe2 Rc4 48.Bb3 Qe4+ 49.Qxe4 Rxe4
50.Kf3 Rb4 51.Ke3 g5 52.Kd3 Kf6 53.Bc4 Ke5 54.Bxa6 Kxd5 55.Ke3 Ra4 56.Bb7+ Ke5
57.Kf3 Rxa2 58.Kg3 Ra3+ 59.f3 h6 60.h4 Kd4 61.hxg5 hxg5 62.Bc6 Ke3 63.Bd5 Ra1
64.Bc6 Rg1+ 65.Kh2 Kf2 66.Bd5 Rb1 67.Be4 Rb6  0-1

[Event "Plovdiv"]
[Site "Plovdiv"]
[Date "1984.??.??"]
[Round "3"]
[White "Taimanov, Mark E"]
[Black "Tringov, Georgi P"]
[Result "1/2-1/2"]
[WhiteElo "2515"]
[BlackElo "2435"]

1.d4 Nf6 2.c4 c5 3.d5 e6 4.Nc3 exd5 5.cxd5 d6 6.Nf3 g6 7.Bg5 Bg7 8.Nd2 h6
9.Bh4 a6 10.e4 b5 11.Be2 O-O 12.O-O Nbd7 13.Qc2 c4 14.a4 Rb8 15.axb5 axb5
16.b4 g5 17.Bg3 Ne5 18.Ra5 Bd7 19.Nf3 Nxf3+ 20.Bxf3 Ne8 21.h3 Bd4 22.Ne2 Bb6
23.Raa1 Qe7 24.Qc3 f5 25.exf5 Ng7 26.Nd4 Bxd4 27.Qxd4 Nxf5 28.Qd2 Ra8 29.Rxa8 Rxa8
30.Bh2 Qf6 31.Be4 Ra1 32.Bb1 c3 33.Qc2 Kf8 34.Qd3 Ne7 35.g4 Be8 36.f4 Bg6
37.f5 Bf7 38.Bg3 Nxd5 39.Kh2 Kg8 40.Re1 Nf4 41.Qxb5 Rxb1 42.Rxb1 c2 43.Rc1 Qb2
44.Qb8+ Kh7  1/2-1/2

[Event "Reykjavik"]
[Site "Reykjavik"]
[Date "1984.??.??"]
[Round "?"]
[White "Hjartarson, Johann"]
[Black "Sigurjonsson, Gudmundur"]
[Result "1-0"]
[WhiteElo "2415"]
[BlackElo "2470"]

1.d4 Nf6 2.c4 e6 3.Nf3 c5 4.d5 exd5 5.cxd5 d6 6.Nc3 g6 7.Bf4 Bg7 8.Qa4+ Bd7
9.Qb3 Qc7 10.e4 O-O 11.Be2 Nh5 12.Be3 Bg4 13.h3 Bxf3 14.Bxf3 Nf6 15.e5 dxe5
16.d6 Qxd6 17.Rd1 Qe7 18.Qxb7 Nbd7 19.Nd5 Nxd5 20.Rxd5 Rad8 21.O-O Bf6 22.Qxa7 e4
23.Be2 Nb6 24.Qxe7 Bxe7 25.Re5 Bd6 26.Rxe4 f5 27.Re6 Kf7 28.Rxd6 Rxd6 29.Bxc5 Rd2
30.Bxf8 Rxe2 31.Bc5 Rxb2 32.Bd4 Rb4 33.Bc5 Rb5 34.Bxb6 Rxb6 35.a4 Ke6 36.a5 Ra6
37.Ra1 Kd5 38.Kh2 f4 39.Ra4 Ke5 40.Kg1 g5 41.Kf1  1-0

[Event "Smederevska Palanka"]
[Site "Smederevska Palanka"]
[Date "1984.??.??"]
[Round "?"]
[White "Ristic, Nebojsa"]
[Black "Horvath, Tamas"]
[Result "1-0"]
[WhiteElo "2290"]
[BlackElo "2440"]

1.d4 Nf6 2.c4 e6 3.Nf3 c5 4.d5 exd5 5.cxd5 d6 6.Nc3 g6 7.Bf4 Bg7 8.e4 O-O
9.Be2 Bg4 10.O-O Re8 11.Nd2 Bxe2 12.Qxe2 Nh5 13.Be3 Nd7 14.a4 a6 15.a5 Bd4
16.g4 Nhf6 17.f3 b5 18.Nd1 h5 19.h3 hxg4 20.hxg4 Ne5 21.Kg2 Kg7 22.Nb3 Bxe3
23.Nxe3 c4 24.Nd4 Nd3 25.Kg3 Rb8 26.Rab1 Qe7 27.Nc6 Qd7 28.Qd2 Ne5 29.Nxe5 dxe5
30.Nf5+  1-0

[Event "CSR-ch"]
[Site "Sumperk"]
[Date "1984.??.??"]
[Round "9"]
[White "Ftacnik, Lubomir"]
[Black "Poloch, Petr"]
[Result "1-0"]
[WhiteElo "2570"]
[BlackElo "2365"]

1.d4 Nf6 2.c4 e6 3.Nf3 c5 4.d5 exd5 5.cxd5 d6 6.Nc3 g6 7.Nd2 Nbd7 8.e4 Bg7
9.Nc4 Nb6 10.Ne3 O-O 11.Bd3 Re8 12.O-O a6 13.a4 Bd7 14.Re1 Rb8 15.g3 Qc7
16.a5 Nc8 17.f3 Na7 18.Nc4 Bb5 19.Bf4 Bxc4 20.Bxc4 Nd7 21.Be3 f5 22.Qd2 Ne5
23.Be2 Nf7 24.Kg2 fxe4 25.Nxe4 Nb5 26.Rac1 Qd7 27.b4 Nd4 28.Bd1 Ne5 29.Bf4 b6
30.axb6 Rxb6 31.bxc5 dxc5 32.Rxc5 Nb3 33.Bxb3 Rxb3 34.Bxe5 Bxe5 35.d6 Rb2
36.Rc2 Rxc2 37.Qxc2 Rb8 38.Qc4+ Kg7 39.Qxa6 Rb2+ 40.Re2 Rxe2+ 41.Qxe2  1-0

[Event "URS-ch sf"]
[Site "Sverdlovsk"]
[Date "1984.??.??"]
[Round "?"]
[White "Petrosian, Arshak B"]
[Black "Gavrikov, Viktor"]
[Result "1/2-1/2"]
[WhiteElo "2470"]
[BlackElo "2485"]

1.d4 Nf6 2.c4 e6 3.Nf3 c5 4.d5 exd5 5.cxd5 d6 6.Nc3 g6 7.Nd2 Nbd7 8.e4 Bg7
9.Be2 O-O 10.O-O Re8 11.a4 Ne5 12.Ra3 g5 13.Re1 Ng6 14.Bb5 Rf8 15.Nf1 a6
16.Be2 Nf4 17.Ng3 Re8 18.a5 Rb8 19.Qc2  1/2-1/2

[Event "Thessaloniki ol (Men)"]
[Site "Thessaloniki"]
[Date "1984.??.??"]
[Round "3"]
[White "Garcia Gonzales, Guillermo"]
[Black "Danner, Georg"]
[Result "1-0"]
[WhiteElo "2470"]
[BlackElo "2390"]

1.d4 Nf6 2.c4 c5 3.d5 e6 4.Nc3 exd5 5.cxd5 d6 6.Nf3 g6 7.Bf4 Bg7 8.Qa4+ Bd7
9.Qc2 O-O 10.e4 Qe7 11.Be2 b5 12.Nxb5 Nxe4 13.O-O a6 14.Nc3 Re8 15.Bd3 Nxc3
16.Rae1 Ne2+ 17.Rxe2 Qf8 18.Ng5 Bb5 19.Ne4 Be5 20.Bxe5 Rxe5 21.f4 Rxe4 22.Rxe4 Nd7
23.a4 Bxd3 24.Qxd3 Nf6 25.Re2 Qb8 26.f5 Ng4 27.Qf3 Qb4 28.fxg6 fxg6 29.Qf7+ Kh8
30.Re8+  1-0

[Event "Thessaloniki ol (Women)"]
[Site "Thessaloniki"]
[Date "1984.??.??"]
[Round "8"]
[White "Thorsteinsdottir, Gudlaug"]
[Black "Kondou, Eva"]
[Result "0-1"]
[WhiteElo "2015"]
[BlackElo "2045"]

1.d4 Nf6 2.c4 e6 3.Nf3 c5 4.d5 exd5 5.cxd5 d6 6.Nc3 g6 7.Bf4 Bg7 8.Qa4+ Bd7
9.Qb3 Qc7 10.e4 O-O 11.Be2 a6 12.a4 Nh5 13.Be3 Bg4 14.h3 Bxf3 15.Bxf3 Nf6
16.e5 dxe5 17.d6 Qxd6 18.Qxb7 Nbd7 19.Rd1 Qe6 20.Ne4 Rab8 21.Qa7 Nxe4 22.Rxd7 Nf6
23.Re7 Qc4 24.Qxc5 Qxa4 25.O-O Rxb2 26.Rc1 e4 27.Bd1 Qa2 28.Bd4 Rb5 29.Qa7 Rb1
30.Rec7 Nd5 31.R7c2 Rxc1 32.Rxc1 Qd2 33.Bxg7 Qxc1 34.Qd4 Nf4 35.Kh2 Ne6  0-1